| 000 | 00967nam a22001695i 4500 | ||
|---|---|---|---|
| 001 | 166600 | ||
| 003 | ES-MaACL | ||
| 005 | 20230906213350.0 | ||
| 008 | 981216s1885 gw a |||| | spa d | ||
| 040 |
_aCCPB | B _bspa _cCCPB | B |
||
| 245 | 0 | 0 |
_aTratado de terapeutica homeopática _b: escrito bajo el punto de vista actual de la medicina y utilizando los últimos adelantos de la literatura homeopática, con un resumen de anatomia y fisiologia humanas reglas para la inspeccion clinica, diagnostico, tratamiento y dietética, y con 200 grabados anatómicos y patológicos intercalados en el testo [sic.] para uso de los médicos y personas instruidas / _ctraducido al español, corregido y aumentado de la tercera y ultima edicion alemana por Paz Alvarez. |
| 260 |
_aLeipzig : _bWillmar Schwabe, _c1885. |
||
| 300 |
_a2 v. : _bil. ; _c23 cm. |
||
| 650 | 0 | 4 |
_aHomeopatía. _913463 |
| 852 |
_aES-MaACL _jF-12534-35 _z-- Enc. pasta española |
||
| 999 |
_c166600 _d166600 |
||